Detalles MARC
| 000 -CABECERA |
| campo de control de longitud fija |
01636nam a22003017a 4500 |
| 003 - IDENTIFICADOR DEL NÚMERO DE CONTROL |
| campo de control |
OSt |
| 005 - FECHA Y HORA DE LA ÚLTIMA TRANSACCIÓN |
| campo de control |
20240227073914.0 |
| 007 - CAMPO FIJO DE DESCRIPCIÓN FÍSICA--INFORMACIÓN GENERAL |
| campo de control de longitud fija |
ta |
| 008 - DATOS DE LONGITUD FIJA--INFORMACIÓN GENERAL |
| campo de control de longitud fija |
210216b2020 dr ac||gr|||| 001 1dspa d |
| 020 ## - NÚMERO INTERNACIONAL ESTÁNDAR DEL LIBRO |
| Número Internacional Estándar del Libro |
9789945613575 |
| 040 ## - FUENTE DE LA CATALOGACIÓN |
| Centro catalogador/agencia de origen |
DO-SdBNP |
| Lengua de catalogación |
spa |
| Centro/agencia transcriptor |
BNPHU |
| 041 ## - CÓDIGO DE LENGUA |
| Código de lengua original |
spa |
| 082 #4 - NÚMERO DE LA CLASIFICACIÓN DECIMAL DEWEY |
| Número de clasificación |
RD863.42 |
| Número de documento/Ítem |
H519i |
| Número de edición |
22 |
| 100 1# - ENTRADA PRINCIPAL--NOMBRE DE PERSONA |
| Nombre de persona |
Henríquez Ureña, Max, |
| Fechas asociadas al nombre |
1885-1968 |
| 9 (RLIN) |
2621 |
| 245 13 - MENCIÓN DE TÍTULO |
| Título |
La independencia efímera / |
| Mención de responsabilidad, etc. |
Max Henríquez Ureña. |
| 260 ## - PUBLICACIÓN, DISTRIBUCIÓN, ETC. |
| Lugar de publicación, distribución, etc. |
Santo Domingo : |
| Nombre del editor, distribuidor, etc. |
Archivo General de la Nación, |
| Fecha de publicación, distribución, etc. |
2020. |
| 300 ## - DESCRIPCIÓN FÍSICA |
| Extensión |
202 p. ; |
| Dimensiones |
22 cm. |
| 490 ## - MENCIÓN DE SERIE |
| Mención de serie |
Juvenil ; |
| Designación de volumen o secuencia |
20 |
| 500 ## - NOTA GENERAL |
| Nota general |
Incluye datos biográficos del autor en la solapa de la contracubierta |
| 505 0# - NOTA DE CONTENIDO CON FORMATO |
| Nota de contenido con formato |
Introducción. Roberto Cassá -- |
| Título |
A la juventud dominicana. Max Henríquez Ureña -- |
| -- |
I. En casa de juez de letras -- |
| -- |
II. En familia -- |
| -- |
III. Español de América -- |
| -- |
IV. ¡Esperar! -- |
| -- |
V. La tertulia -- |
| -- |
VI. La jura de la constitución en 1820 -- |
| -- |
VII. Don Tomás Ramírez -- |
| -- |
VIII. Alarma fronteriza -- |
| -- |
IX. El baile de doña Jacinta -- |
| -- |
X. Acero contra acero -- |
| -- |
XI. El nuevo gobernador -- |
| -- |
XII. ¡Carabobo! -- |
| -- |
XIII. El día de San Andrés en 1821 -- |
| -- |
XIV. La bandera de las cinco estrella -- |
| -- |
XV. La independencia -- |
| -- |
XVI. El nuevo día-- |
| -- |
XVII. La voz de la plaza de armas -- |
| -- |
XVIII. La catástrofe inminente -- |
| -- |
XIX. Hora suprema -- |
| -- |
XX. ¡La patria no puede morir! -- |
| -- |
Apéndices. |
| 590 ## - NOTA LOCAL (RLIN) |
| Nota local |
Inventariado /MF |
| 650 #4 - PUNTO DE ACCESO ADICIONAL DE MATERIA--TÉRMINO DE MATERIA |
| Término de materia o nombre geográfico como elemento de entrada |
Novela historica dominicana |
| 9 (RLIN) |
860 |
| 650 #4 - PUNTO DE ACCESO ADICIONAL DE MATERIA--TÉRMINO DE MATERIA |
| Término de materia o nombre geográfico como elemento de entrada |
Literatura dominicana |
| 9 (RLIN) |
79326 |
| 651 ## - PUNTO DE ACCESO ADICIONAL DE MATERIA--NOMBRE GEOGRÁFICO |
| Nombre geográfico |
República Dominicana |
| Subdivisión general |
Historia |
| 9 (RLIN) |
77783 |
| 830 #0 - PUNTO DE ACCESO ADICIONAL DE SERIE-TÍTULO UNIFORME |
| Título uniforme |
Juvenil |
| 9 (RLIN) |
77784 |
| 910 ## - DATOS DE OPCIÓN DEL USUARIO (OCLC) |
| Datos de opción del usuario |
Validado. Control de calidad MFF |
| 942 ## - ELEMENTOS DE PUNTO DE ACCESO ADICIONAL (KOHA) |
| Fuente del sistema de clasificación o colocación |
Dewey Decimal Classification |
| Tipo de ítem Koha |
Libro |